000 00347nmm a2200145 a 4500
003 AR-BaBNM
005 20251128202707.0
008 213119s1925 ||||||||||||||000 | spa||
040 _cAR-BaBNM
100 1 _aGrande, JoaquĆ­n Higinio
245 1 0 _aSecretario privado
260 _aBuenos Aires
_bCabaut
_c1925
942 _cBK
998 _cMato Mourazos
999 _c151
_d151